000
00330nam a22001457a 4500
003
OSt
008
250502b |||||||| |||| 00| 0 eng d
100
_a
LAAJPATRAI,Lala
245
_a
Chattarpatti Shivaji
250
_a
12th
260
_a
New Delhi
_b
Arya Prakashan
_c
2012
300
_a
128
650
_a
General
942
_2
ddc
_c
BK
999
_c
13492
_d
13492